[Event "Collado Villaoba op-B 34th"]
[Site "Collado Villalba"]
[Date "2017.08.30"]
[Round "9.24"]
[White "Yaniz Lana, Francisco Javier"]
[Black "Merino Conrado, Ricardo"]
[Result "1-0"]
[WhiteElo "1572"]
[BlackElo "1474"]
[PlyCount "104"]
[EventDate "2017.08.22"]
[EventType "swiss"]
[EventRounds "9"]
[EventCountry "ESP"]

1. d4 g6 2. Nf3 d6 3. Bf4 b6 4. e3 Ba6 5. c4 Qd7 6. b4 Bb7 7. Be2 Bg7 8. O-O
Nf6 9. h3 Nc6 10. b5 Na5 11. Nc3 Nh5 12. Bh2 Rc8 13. Ng5 Nf6 14. Rc1 h6 15. Nf3
Bxf3 16. Bxf3 c6 17. a4 c5 18. dxc5 dxc5 19. Qe2 O-O 20. Rfd1 Qe8 21. Nd5 Nxd5
22. Rxd5 e5 23. Qc2 f5 24. e4 f4 25. Bg4 Rd8 26. Rcd1 Rxd5 27. exd5 Qd8 28.
Qxg6 Rf6 29. Be6+ Kf8 30. Qc2 Nxc4 31. Bg4 Nd6 32. g3 f3 33. Be6 Qe8 34. g4 Qg6
35. Qc3 Rxe6 36. dxe6 Qxe6 37. Qxf3+ Kg8 38. Qd5 Qxd5 39. Rxd5 Nc4 40. Rd7 e4
41. Rxa7 Nd2 42. Bc7 c4 43. Bxb6 Be5 44. Be3 Nf3+ 45. Kf1 c3 46. Ra8+ Kf7 47.
Bxh6 Ke6 48. Rc8 Kd5 49. a5 Kd4 50. Ke2 Ng1+ 51. Kd1 Kd3 52. a6 Nxh3 1-0

[Event "Collado Villaoba op-B 34th"]
[Site "Collado Villalba"]
[Date "2017.08.30"]
[Round "9.25"]
[White "Mejias Gonzalez, Pedro"]
[Black "Perez Rodrigo, Alicia"]
[Result "1-0"]
[WhiteElo "1541"]
[BlackElo "1377"]
[PlyCount "131"]
[EventDate "2017.08.22"]
[EventType "swiss"]
[EventRounds "9"]
[EventCountry "ESP"]

1. e4 c5 2. Nc3 Nc6 3. g3 g6 4. Bg2 Bg7 5. Nge2 e6 6. d3 Nge7 7. Be3 b6 8. d4
cxd4 9. Nxd4 Nxd4 10. Bxd4 Bxd4 11. Qxd4 O-O 12. O-O-O Nc6 13. Qd6 Qe7 14. e5
Qxd6 15. Rxd6 Bb7 16. Rxd7 Rab8 17. Rhd1 Ba8 18. f4 Nxe5 19. fxe5 Bxg2 20. Rxa7
Bc6 21. Rc7 Rfc8 22. Rxc8+ Rxc8 23. Rd6 Kf8 24. a4 Ke7 25. Rd4 f6 26. exf6+
Kxf6 27. Rh4 h5 28. Nb5 Ra8 29. b3 e5 30. Nc3 Kf5 31. Rb4 Rb8 32. Kd2 Rb7 33.
Ke3 e4 34. Ne2 Ke5 35. Nd4 Bd7 36. Nb5 Bf5 37. Nc3 Rc7 38. Rb5+ Ke6 39. Rxb6+
Kf7 40. Ne2 Rxc2 41. Nd4 Rxh2 42. Nxf5 gxf5 43. a5 Ra2 44. a6 Ke8 45. Rf6 Ra5
46. a7 Rxa7 47. Rxf5 Ra3 48. Re5+ Kf7 49. Rb5 Kg6 50. Kxe4 Ra2 51. Kf3 Rc2 52.
Kf4 Rf2+ 53. Ke3 Rg2 54. Kf3 Rg1 55. b4 Rb1 56. Rb6+ Kg5 57. Rb5+ Kg6 58. Kg2
Rb2+ 59. Kh3 Rb1 60. Rb8 Rh1+ 61. Kg2 Rb1 62. b5 Rb2+ 63. Kh3 Kg5 64. b6 Rb3
65. b7 h4 66. Rg8+ 1-0

[Event "Collado Villaoba op-B 34th"]
[Site "Collado Villalba"]
[Date "2017.08.30"]
[Round "9.26"]
[White "Garcia Prada, Guillermo"]
[Black "Cebrian Alfaya, Jorge"]
[Result "1/2-1/2"]
[WhiteElo "1375"]
[BlackElo "1527"]
[PlyCount "175"]
[EventDate "2017.08.22"]
[EventType "swiss"]
[EventRounds "9"]
[EventCountry "ESP"]

1. e4 e6 2. d4 d5 3. exd5 exd5 4. Bd3 Bd6 5. Nf3 Ne7 6. O-O O-O 7. Re1 Re8 8.
Nc3 c6 9. Bg5 f6 10. Bh4 Nf5 11. Rxe8+ Qxe8 12. Bg3 Nxg3 13. hxg3 Bg4 14. Qe1
Qc8 15. Qe2 Nd7 16. Re1 Nf8 17. Nd1 Ne6 18. c3 Ng5 19. Ne3 Nxf3+ 20. gxf3 Bd7
21. Qc2 h6 22. Ng2 g5 23. Bg6 Qf8 24. Ne3 Qe7 25. Ng2 Qf8 26. Ne3 Qe7 27. Kg2
Rf8 28. Rh1 Kg7 29. Re1 Qd8 30. Bh5 f5 31. g4 Qf6 32. gxf5 Bxf5 33. Nxf5+ Qxf5
34. Qxf5 Rxf5 35. Re6 Rf6 36. Rxf6 Kxf6 37. b3 Ba3 38. Kf1 Bb2 39. Ke2 Bxc3 40.
Kd3 Ba5 41. a3 Bc7 42. Be8 Ke7 43. Bh5 Bd6 44. a4 b6 45. Bg4 c5 46. Bf5 h5 47.
Bh3 Bh2 48. dxc5 bxc5 49. Kd2 Kf6 50. Kd3 Ke5 51. Ke3 d4+ 52. Ke2 Kd5 53. Kd3
a5 54. Bf5 Bg1 55. Ke2 c4 56. bxc4+ Kxc4 57. Kf1 Bh2 58. Ke2 h4 59. Bd3+ Kb3
60. Bb5 Bf4 61. Bd7 Kc3 62. Bf5 h3 63. Bxh3 d3+ 64. Kd1 d2 65. Bf5 Bd6 66. Bd7
Bb4 67. Be6 Kd4 68. Bf5 Ke5 69. Bg4 Kd4 70. Bf5 Kc3 71. Be6 Bc5 72. Bf5 Bxf2
73. Be4 Be1 74. Bf5 Kd4 75. Be4 g4 76. Bc6 g3 77. f4 Kc5 78. Bf3 Kd6 79. Ke2
Ke6 80. Bg4+ Kf6 81. Kf1 Bf2 82. Kg2 Kg6 83. Bd1 Kf5 84. Kf3 Be1 85. Be2 Kf6
86. Bd1 Ke6 87. Bb3+ Kf5 88. Bc2+ 1/2-1/2

[Event "Collado Villaoba op-B 34th"]
[Site "Collado Villalba"]
[Date "2017.08.30"]
[Round "9.27"]
[White "Rufo Yebra, Benito"]
[Black "Criado Herrero, Luis"]
[Result "1-0"]
[WhiteElo "1363"]
[BlackElo "1526"]
[PlyCount "49"]
[EventDate "2017.08.22"]
[EventType "swiss"]
[EventRounds "9"]
[EventCountry "ESP"]

1. d4 Nf6 2. Nc3 d5 3. Nf3 c6 4. Bf4 Bg4 5. h3 Bh5 6. g4 Bg6 7. Bg2 h6 8. Nh4
Bh7 9. Bg3 e6 10. a3 Nbd7 11. e3 Be7 12. Qd2 a5 13. Bf3 Ne4 14. Bxe4 dxe4 15.
Ng2 O-O 16. h4 Nb6 17. Qe2 Nd5 18. g5 Bg6 19. gxh6 gxh6 20. Nxd5 exd5 21. Nf4
Bh7 22. Nh5 Qd7 23. Rg1 Kh8 24. O-O-O Rg8 25. Be5+ 1-0

[Event "Collado Villaoba op-B 34th"]
[Site "Collado Villalba"]
[Date "2017.08.30"]
[Round "9.30"]
[White "Llamas Martinez, Pablo"]
[Black "Martin Garcia, Francisco Javier"]
[Result "1-0"]
[WhiteElo "1389"]
[BlackElo "1551"]
[PlyCount "71"]
[EventDate "2017.08.22"]
[EventType "swiss"]
[EventRounds "9"]
[EventCountry "ESP"]

1. e4 c5 2. d4 cxd4 3. c3 d3 4. Bxd3 Nc6 5. Nf3 d6 6. Bc4 e6 7. O-O Nf6 8. Qe2
Qc7 9. Bf4 e5 10. Bg3 Be7 11. Na3 a6 12. Rad1 O-O 13. Nc2 b5 14. Bb3 Na5 15.
Nb4 Nxb3 16. axb3 Bb7 17. Nd5 Bxd5 18. exd5 Nd7 19. Nd4 Nf6 20. Nf5 Bd8 21. f4
e4 22. Qe3 Qd7 23. Nd4 Bb6 24. Kh1 Rfe8 25. c4 bxc4 26. bxc4 Reb8 27. Qc3 Bxd4
28. Rxd4 Re8 29. Re1 a5 30. Bh4 Qa4 31. Bxf6 gxf6 32. Qg3+ Kh8 33. Qh4 Rg8 34.
Qxf6+ Rg7 35. Rdxe4 Qc2 36. Re8+ 1-0

[Event "Collado Villaoba op-B 34th"]
[Site "Collado Villalba"]
[Date "2017.08.30"]
[Round "9.31"]
[White "Ramirez Ocaña, Eneas"]
[Black "Orta Vazquez, Mario"]
[Result "1/2-1/2"]
[WhiteElo "1385"]
[BlackElo "1424"]
[PlyCount "106"]
[EventDate "2017.08.22"]
[EventType "swiss"]
[EventRounds "9"]
[EventCountry "ESP"]

1. e4 c5 2. Nf3 d6 3. d4 cxd4 4. Nxd4 Nf6 5. Nc3 a6 6. Bg5 e5 7. Nb3 Be7 8. Be2
Nxe4 9. Bxe7 Nxc3 10. Bxd8 Nxd1 11. Rxd1 Kxd8 12. Rxd6+ Ke7 13. Rd1 Bf5 14. c3
Bc2 15. Rd2 Bxb3 16. axb3 Rd8 17. Rxd8 Kxd8 18. Bf3 Kc7 19. Bd5 f6 20. Bg8 h6
21. Bh7 Nd7 22. Kd2 Rd8 23. Kc2 Nc5 24. Re1 Ne6 25. Bf5 Ng5 26. h4 Nf7 27. Rd1
Rxd1 28. Kxd1 Nd6 29. Bc2 f5 30. Ke2 g6 31. f3 Kd8 32. g3 Ke7 33. c4 b6 34. Kf2
a5 35. Bd3 Kf6 36. Ke2 Nb7 37. Bc2 Nc5 38. Kf2 Ne6 39. Bd1 g5 40. h5 g4 41.
fxg4 fxg4 42. Bxg4 Nc5 43. Bd1 Nd3+ 44. Ke3 Nc5 45. Bc2 Kg5 46. Bd1 Ne6 47. Ke4
Kf6 48. Bc2 Nd4 49. Bd1 Ke6 50. Bg4+ Kd6 51. Bd1 Ke6 52. Bg4+ Kd6 53. Bd1 Ke6
1/2-1/2

[Event "Collado Villaoba op-B 34th"]
[Site "Collado Villalba"]
[Date "2017.08.30"]
[Round "9.32"]
[White "Dueñas Delgado, Maximiliano"]
[Black "Olmedo Alvarez, Jesus"]
[Result "0-1"]
[WhiteElo "1385"]
[BlackElo "1361"]
[PlyCount "84"]
[EventDate "2017.08.22"]
[EventType "swiss"]
[EventRounds "9"]
[EventCountry "ESP"]

1. d4 e6 2. Bf4 b6 3. Nf3 Nf6 4. e3 Bb7 5. Bd3 Bb4+ 6. c3 Be7 7. Nbd2 O-O 8. h3
d5 9. Qc2 g6 10. g4 Ba6 11. Ne5 Bxd3 12. Qxd3 Re8 13. h4 Nbd7 14. h5 Nxe5 15.
Bxe5 Nxg4 16. Bg3 Rf8 17. f3 Nf6 18. hxg6 fxg6 19. O-O-O c5 20. Be5 cxd4 21.
exd4 Bd6 22. f4 Bxe5 23. fxe5 Ng4 24. Qh3 h5 25. Rdf1 Rxf1+ 26. Rxf1 Qg5 27.
Rf3 Rf8 28. Kc2 Rxf3 29. Nxf3 Qf5+ 30. Kb3 Ne3 31. Qxf5 Nxf5 32. Kc2 h4 33. Kd3
h3 34. Ke2 g5 35. Kf2 g4 36. Ne1 Kg7 37. Nd3 g3+ 38. Kg1 h2+ 39. Kh1 Kh6 40.
Nf4 Kg5 41. Nxe6+ Kg4 42. Nc7 Kh3 0-1

[Event "Collado Villaoba op-B 34th"]
[Site "Collado Villalba"]
[Date "2017.08.30"]
[Round "9.34"]
[White "Rapaport, Andres Natalio"]
[Black "Tudoroiu, Adrian Eugeni"]
[Result "0-1"]
[WhiteElo "1362"]
[BlackElo "1101"]
[PlyCount "76"]
[EventDate "2017.08.22"]
[EventType "swiss"]
[EventRounds "9"]
[EventCountry "ESP"]

1. d4 Nf6 2. Bf4 g6 3. e3 Bg7 4. Nf3 O-O 5. Bd3 Re8 6. O-O d6 7. Nbd2 Nc6 8. a3
a6 9. h3 Nh5 10. Bh2 e5 11. Be4 d5 12. Bxd5 Qxd5 13. c4 Qd8 14. dxe5 Nxe5 15.
Qb3 Nxf3+ 16. Nxf3 Re7 17. Rad1 Rd7 18. Ne5 Rxd1 19. Rxd1 Qe7 20. Qd3 Be6 21.
b4 c5 22. Qd6 Qxd6 23. Rxd6 Bxe5 24. Bxe5 cxb4 25. g4 Ng7 26. axb4 Re8 27. c5
Bc4 28. Bf6 Re6 29. Bd4 Ne8 30. Rd7 Nf6 31. Rxb7 h5 32. Rb6 Nd7 33. Rxe6 Bxe6
34. c6 Nb8 35. c7 Nc6 36. Bb6 Kf8 37. f3 Ke7 38. Kg2 Kd7 0-1

[Event "Collado Villaoba op-B 34th"]
[Site "Collado Villalba"]
[Date "2017.08.30"]
[Round "9.35"]
[White "Buergo Villanueva, Fernando"]
[Black "Martin Rodriguez, Jose Luis"]
[Result "1-0"]
[WhiteElo "1265"]
[BlackElo "1291"]
[PlyCount "49"]
[EventDate "2017.08.22"]
[EventType "swiss"]
[EventRounds "9"]
[EventCountry "ESP"]

1. d4 Nf6 2. Nf3 e6 3. Bg5 h6 4. Bf4 d5 5. h3 Bd6 6. Bh2 Bxh2 7. Rxh2 Qd6 8.
Ne5 Nbd7 9. f4 Ne4 10. e3 Ndf6 11. Na3 Bd7 12. Qd3 a6 13. O-O-O Nf2 14. Qe2
Nxd1 15. Qxd1 Ba4 16. Qd2 Ne4 17. Qa5 Bd7 18. Nb5 Bxb5 19. Bxb5+ Ke7 20. Be2
Qd8 21. Bh5 Nf6 22. Nxf7 Qd7 23. Qb4+ c5 24. Qxc5+ Ke8 25. Ne5+ 1-0

[Event "Collado Villaoba op-B 34th"]
[Site "Collado Villalba"]
[Date "2017.08.30"]
[Round "9.36"]
[White "Andrade Sandoval, Marian"]
[Black "Gijon Molina, Carlos"]
[Result "0-1"]
[WhiteElo "1222"]
[BlackElo "1189"]
[PlyCount "90"]
[EventDate "2017.08.22"]
[EventType "swiss"]
[EventRounds "9"]
[EventCountry "ESP"]

1. d4 d5 2. Nf3 e6 3. Bf4 c5 4. c3 Nc6 5. e3 Nf6 6. Bd3 Bd6 7. Ne5 c4 8. Bc2
Qc7 9. Ba4 Bd7 10. b3 O-O 11. bxc4 dxc4 12. Nd2 Bxe5 13. Bxc6 Bxf4 14. Bxd7
Nxd7 15. exf4 b5 16. Qf3 Qa5 17. h4 Nf6 18. Ke2 Rac8 19. g4 b4 20. cxb4 Qxb4
21. Rab1 Qd6 22. g5 Nd5 23. h5 Nxf4+ 24. Ke3 Nd5+ 25. Ke2 f5 26. g6 h6 27. Rbc1
c3 28. Nb3 e5 29. Rhd1 e4 30. Qg3 f4 31. Qg4 Qa6+ 32. Ke1 Rfe8 33. Qf5 Qb5 34.
Nc5 f3 35. Qxd5+ Kh8 36. Rc2 e3 37. Qxf3 e2 38. Rdc1 Rf8 39. Qxc3 Rce8 40. Rb2
Qc6 41. Rxe2 Qh1+ 42. Kd2 Rxe2+ 43. Kxe2 Qxh5+ 44. Ke1 Re8+ 45. Kd2 Qe2# 0-1